Personnage Stranger Things - Statistiques

Statistiques générales
  • Ce quiz a été pris 4 522 fois
    4 145 depuis la dernière actualisation
  • Le résultat moyen est 22 sur 48
Statistiques - réponses
Hint Réponse % Correct
1 Onze
99%
4 Mike Wheeler
97%
2 Will Byers
95%
3 Dustin Henderson
93%
5 Lucas Sinclair
93%
7 Max Mayfield
91%
6 Jim Hopper
88%
9 Nancy Wheeler
88%
10 Steve Harrington
87%
8 Joyce Byers
83%
11 Jonathan Byers
82%
15 Billy Hargrove
79%
27 Vecna
73%
12 Robin Buckley
71%
14 Erica Sinclair
69%
16 Eddie Munson
64%
20 Bob Newby
57%
22 Barbara Holland
52%
23 Karen Wheeler
50%
21 Martin Brenner
50%
13 Murray Bauman
50%
19 Demogorgon
49%
39 Chrissy
44%
24 Alexei
41%
25 Suzie
38%
33 Ted Wheeler
38%
29 Sam Owens
33%
17 Argyle
32%
32 Holly Wheeler
31%
18 Enzo
27%
28 Jason Carver
27%
37 Kali
23%
34 Angela
22%
45 Heather Holloway
21%
30 Victor Creel
21%
44 Fred Benson
20%
43 Flagelleur mental
19%
26 Yuri
18%
31 Scott Clarke
17%
42 Patrick McKinney
14%
38 Lonnie Byers
9%
35 Claudia Henderson
8%
46 Carol Perkins
7%
40 Alice Creel
6%
48 Benny Hammond
6%
36 Bruce Lowe
6%
41 Virginia Creel
3%
47 Cornelius
2%
Aucun quiz correspondant
Distribution des résultats
% des personnes avec chaque résultat
Percentile par nombre de réponses
Votre historique - résultats
Vous n’avez pas pris ce quiz depuis la dernière actualisation